01137cam a2200337 i 450000100090000000300060000900500170001500800410003201000170007302000230009002000200011302000240013302000310015702000240018804000280021204200080024005000240024808200290027210000290030124500610033024600200039126400430041130000240045433600260047833700280050433800270053249000230055950400510058263000440063377601220067718506384GBCCL20241126110716.0150225s2015 ilu b 001 0 eng  a 2015007840 a9781433512001 (hc) a1433512009 (hc) z9781433512018 (PDF) z9781433512025 (Mobipocket) z978143523960 (ePub) aDLCbengcDLCerdadDLC apcc00aBS2675.53b.U4 201500a220.7a227/.207223bPRE1 aUm, Stephen T.,eauthor.10a1 Corinthians :bthe word of the cross /cStephen T. Um.3 aOne Corinthians 1aWheaton, Illinois :bCrossway,c[2015] a366 pages ;c24 cm. atextbtxt2rdacontent aunmediatedbn2rdamedia avolumebnc2rdacarrier0 aPreaching the word aIncludes bibliographical references and index.00aBible.pCorinthians, 1stvCommentaries.08iOnline version:aUm, Stephen T.t1 CorinthiansdWheaton, Illinois : Crossway, [2015]z9781433512018w(DLC) 2015009195